00932nam a2200157 a 4500008004100000020001500041041000800056100002000064245004600084250005200130260003800182300001100220500008500231505044300316655001500759190531r19992003a ||||gr|||| 001 f sp d a9505114761 aspa1 aRoldán, Elisa aHeredera de un secreto /cElisa Roldán. a1a ed. 5a. reimp.bIl. Patricia García Silva. aBuenos Aires: bAlfaguara;c2003. a175 p. aRoldán, E. (2003). Heredera de un secreto. (1a ed.). Buenos Aires : Alfaguara. aUna familia, que hereda una antigua casona en el barrio de Flores, se instala con una intención de reciclarla. Cuando los padres viajan a Ushuaia y las tres hijas se quedan solas, comienzan a suceder cosas extrañas en la casa. Carolina, una de las chicas, con su mente imaginativa y fabuladora, es testigo de raros acontecimientos. Entonces pone en marcha una investigación que la convertirá en la genuina heredera de un secreto.  aLiteratura